Αντικειμενοστρεφής σχεδίαση : UML, αρχές, πρότυπα και ευρετηριακοί κανόνες

Αποθηκεύτηκε σε:
Λεπτομέρειες βιβλιογραφικής εγγραφής
Κύριος συγγραφέας: Χατζηγεωργίου, Αλέξανδρος
Μορφή: Βιβλίο
Γλώσσα:Greek
Δημοσίευση: Αθήνα : Κλειδάριθμος, 2005
Θέματα:
Ετικέτες: Προσθήκη ετικέτας
Δεν υπάρχουν, Καταχωρήστε ετικέτα πρώτοι!

MARC

LEADER 00000cam a2200000 i 4500
001 1/45189
008 140402s2005 gre d
020 |a 960-209-882-1 
035 |l 10117260 
040 |a GR-MY-UA  |b gre  |e aacr 
041 0 |a gre 
082 0 |a 005.133  |2 (23) 
100 1 |a Χατζηγεωργίου, Αλέξανδρος. 
245 1 0 |a Αντικειμενοστρεφής σχεδίαση :  |b UML, αρχές, πρότυπα και ευρετηριακοί κανόνες /  |c Αλέξανδρος Ν. Χατζηγεωργίου 
260 |a Αθήνα :   |b Κλειδάριθμος,   |c 2005 
300 |a 264 σ.;  |b πιν.;  |c 24 εκ. 
504 |a Περιλαμβάνει ευρετήριο 
650 0 0 |a Object-oriented programming (Computer science) 
852 |a INST  |b LESVOS  |c EUDOXUS  |e 20140402  |h 005.133 ΧΑΤ  |p 005100053806  |q 005100053806  |t EDX  |y 0 
901 |a BIBL1-2014-1 
909 |a Λ  |b 186738 
920 |a Εύδοξος  |b Παραγγελία  |y Λέσβος-ΤΠΤΕ  |z 2013-12 
970 |a Τζαφέρη  |b Ευαγγελία  |z 2014/04/02